fnaf quizz - Statistics

General Stats
  • This quiz has been taken 718 times
  • The average score is 6 of 15
Answer Stats
Hint Answer % Correct
how many fnaf animatronics are in fnaf 1 5
98%
who is the phone guys favorite animatronic foxy
77%
who is the most time favorite in fnaf 1 foxy
77%
is scott makin an fnaf 4 yes
65%
how many animatronics are in fnaf 1-3 21
60%
how did mangle become torn apart kids
57%
how many ways are there for the animatronics to get in on fnaf 2 3
55%
on fnaf 3 bad ending what animatronic is also lit up in the back golden freddy
46%
what 2 shadow animatronics are there freddy and bonnie
39%
what is the yellow suit in the back room(on fnaf 2) springtrap
31%
who is a couple in fnaf 2 and 1 foxy and mangle
10%
what somtimes pops out of the music box endoskeloton
1%
why do they call the new animatronics toys no one knows
1%
did the the toy animatronics get stuffed possibly
1%
when dose the puppet jumpscare you when you forget to wind the music box
1%
No matching quizzes found
Score Distribution
Percent of People with Each Score
Percentile by Number Answered
Your Score History
You have not taken this quiz